| 000 | 00744cam a22002413a 4500 | ||
|---|---|---|---|
| 001 | 24686 | ||
| 003 | PGUSA | ||
| 005 | 20140828083530.0 | ||
| 008 | 080226s2008||||xxu|||||s|||||000 | eng d | ||
| 040 |
_aPGUSA _beng |
||
| 042 | _adc | ||
| 050 | 4 | _aBL | |
| 100 | 1 |
_aMüller, F. Max _q(Friedrich Max), _d1823-1900 |
|
| 245 | 1 | 0 |
_aChips From A German Workshop - Volume I : _bEssays on the Science of Religion _h[electronic resource] / _cF. Max Müller |
| 260 |
_bProject Gutenberg, _c2008 |
||
| 506 | _aPublic domain in the USA. | ||
| 516 | _aElectronic text | ||
| 653 | _aSacred books -- History and criticism | ||
| 653 | _aReligions | ||
| 830 | 0 |
_aProject Gutenberg _v24686 |
|
| 856 | 4 | 0 | _uhttp://www.gutenberg.org/ebooks/24686 |
| 942 | _cEB | ||
| 999 |
_c253941 _d253941 |
||